| 000 | 00587nam a2200181 i 4500 | ||
|---|---|---|---|
| 001 | 134683 | ||
| 003 | ES-MaACL | ||
| 005 | 20250728183051.0 | ||
| 007 | t| | ||
| 008 | 070912s1972 sp ||||1| spa d | ||
| 100 | 1 |
_aWeiland, J. Sperna. _9116338 |
|
| 245 | 1 | 3 |
_aEl fin de la religión siguiendo las huellas de Bonhoffer / _cJ. Sperna Weil ; [versión de Enrique Bernardez]. |
| 260 |
_a[Bilbao] : _bDescleé de Brouwer, _c[1972] |
||
| 300 |
_a189 p. ; _c21 cm. |
||
| 700 | 1 |
_aBernárdez, Enrique, _d1949- _9161110 |
|
| 852 |
_aES-MaACL _jC-49550 _bR.83934 |
||
| 999 |
_c134683 _d134683 |
||